THE ESSENTIAL GUIDE TO HIKING WITH DOGS : (Record no. 191673)

MARC details
000 -LEADER
fixed length control field 01557nam a2200265 i 4500
005 - DATE AND TIME OF LATEST TRANSACTION
control field 20230307154414.0
008 - FIXED-LENGTH DATA ELEMENTS--GENERAL INFORMATION
fixed length control field 230307t20212021us o|||g |||| 00| 0 eng d
020 ## - INTERNATIONAL STANDARD BOOK NUMBER
International Standard Book Number 9781493055968
Terms of availability RM107.07
Qualifying information paperback
040 ## - CATALOGING SOURCE
Original cataloging agency PPAK
Language of cataloging eng
Transcribing agency PPAK
Description conventions rda
082 04 - DEWEY DECIMAL CLASSIFICATION NUMBER
Edition number 23
Classification number 796.51
090 00 - LOCALLY ASSIGNED LC-TYPE CALL NUMBER (OCLC); LOCAL CALL NUMBER (RLIN)
Classification number (OCLC) (R) ; Classification number, CALL (RLIN) (NR) 796.51
Feature heading SOT
Feature heading G
100 1# - MAIN ENTRY--PERSONAL NAME
Personal name Sotolongo, Jen,
Dates associated with a name 1982-
Relator term author.
245 14 - TITLE STATEMENT
Title THE ESSENTIAL GUIDE TO HIKING WITH DOGS :
Remainder of title Trail-Tested Tips and Expert Advice for Canine Adventures /
Statement of responsibility, etc. JEN SOTOLONGO
264 #1 - PRODUCTION, PUBLICATION, DISTRIBUTION, MANUFACTURE, AND COPYRIGHT NOTICE
Place of production, publication, distribution, manufacture Guilford, Connecticut :
Name of producer, publisher, distributor, manufacturer FALCON,
Date of production, publication, distribution, manufacture, or copyright notice [2021?]
Date of production, publication, distribution, manufacture, or copyright notice ©2021
300 ## - PHYSICAL DESCRIPTION
Extent x, 196 pages :
Other physical details chiefly colour photographs ;
Dimensions 24 cm.
336 ## - CONTENT TYPE
Content type term text
Source rdacontent
337 ## - MEDIA TYPE
Media type term unmediated
Source rdamedia
338 ## - CARRIER TYPE
Carrier type term volume
Source rdacarrier
500 ## - GENERAL NOTE
General note Includes index
520 ## - SUMMARY, ETC.
Summary, etc. Hiking with your canine companion is one of the most rewarding experiences you can have as a dog owner. Now, with Jen Sotolongo's Essential Guide to Hiking with a Dog, you and your four-legged friend can be ready for anything the wilderness might throw at you, to set yourselves and others up for the very best hiking experience. Need-to-know topics are covered for the novice hiker or new owner, from trail etiquette to leave no trace ethics, important gear and packing guides to essential commands you should train on the trail. Featuring beautiful and illustrative photographs from the author, this must-have guide will inform and inspire any adventure dog and their parents.
650 10 - SUBJECT ADDED ENTRY--TOPICAL TERM
Topical term or geographic name entry element Hiking with dogs
Form subdivision Guidebooks
Topical term or geographic name entry element Hiking with dogs
942 ## - ADDED ENTRY ELEMENTS (KOHA)
Source of classification or shelving scheme Dewey Decimal Classification
Koha item type Book
Holdings
Withdrawn Not for loan Current library Shelving location Date acquired Total Checkouts Full call number Barcode Date last seen Koha item type
    Perpustakaan Alor Setar Pinjaman Dewasa 15/03/2023   796.51 SOT A01777377 15/03/2023 Book
    Perpustakaan Awam Sungai Petani Pinjaman Dewasa 15/03/2023   796.51 SOT A01777378 15/03/2023 Book
    Perpustakaan Kulim Pinjaman Dewasa 15/03/2023   796.51 SOT A01777379 15/03/2023 Book